Southville International School and Colleges
Your cart is empty.
  • Cart
  • Lists
    Public lists Eva Luna New books Lux_list list_1
    Your lists Log in to create your own lists
  • Log in to your account
  • Your cookies
  • Search history
Southville International School and Colleges
  • Advanced search
  • Recent comments
  • Most popular
  • Libraries

Log in to your account

Log in with GOOGLE


If you do not have an external account, but do have a local account, you can still log in:

  1. Home
  2. MARC view: Business law and the regulation of business /
Normal view MARC view ISBD view

Business law and the regulation of business / (Record no. 367860)

[ view plain ]
MARC details
000 -LEADER
fixed length control field 00768nam a22002297a 4500
003 - CONTROL NUMBER IDENTIFIER
control field 0
005 - DATE AND TIME OF LATEST TRANSACTION
control field 20250910092640.0
008 - FIXED-LENGTH DATA ELEMENTS--GENERAL INFORMATION
fixed length control field 250910b xxu||||| |||| 00| 0 eng d
020 ## - INTERNATIONAL STANDARD BOOK NUMBER
International Standard Book Number 978-0-357-98765-0
050 ## - LIBRARY OF CONGRESS CALL NUMBER
Classification number KF 1355
Item number .M36 2025
100 ## - MAIN ENTRY--PERSONAL NAME
Personal name Mann, Richard A.,
Relator term author.
245 ## - TITLE STATEMENT
Title Business law and the regulation of business /
Statement of responsibility, etc Richard A. Mann and Barry S. Roberts.
250 ## - EDITION STATEMENT
Edition statement Fourteenth edition.
260 ## - PUBLICATION, DISTRIBUTION, ETC. (IMPRINT)
Place of publication, distribution, etc Boston, MA :
Name of publisher, distributor, etc Cengage,
Date of publication, distribution, etc 2025.
300 ## - PHYSICAL DESCRIPTION
Extent xxv, various pagination ;
Dimensions 27 cm.
504 ## - BIBLIOGRAPHY, ETC. NOTE
Bibliography, etc Includes index.
650 ## - SUBJECT ADDED ENTRY--TOPICAL TERM
Topical term or geographic name as entry element Commercial law
Geographic subdivision United States.
650 ## - SUBJECT ADDED ENTRY--TOPICAL TERM
Topical term or geographic name as entry element Trade regulation
Geographic subdivision United States.
650 ## - SUBJECT ADDED ENTRY--TOPICAL TERM
Topical term or geographic name as entry element Business enterprises
General subdivision Law and legislation
Geographic subdivision United States.
700 ## - ADDED ENTRY--PERSONAL NAME
Personal name Roberts, Barry S.,
Relator term author.
942 ## - ADDED ENTRY ELEMENTS (KOHA)
Source of classification or shelving scheme Library of Congress Classification
Koha item type Books
Holdings
Withdrawn status Lost status Source of classification or shelving scheme Damaged status Home library Current library Shelving location Date acquired Source of acquisition Sub Shelving location Total Checkouts Full call number Barcode Date last seen Price effective from Koha item type
    Library of Congress Classification   College Library College Library Reserve Section 06/04/2025 Library Fund     KF 1355 .M36 2025 C24974 09/10/2025 09/10/2025 Books

Business law and the regulation of business /

APA

Mann R. A., Roberts B. S., . (2025). Business law and the regulation of business. Boston, MA: Cengage.

Chicago

Mann Richard A, Roberts Barry S, . 2025. Business law and the regulation of business. Boston, MA: Cengage.

Harvard

Mann R. A., Roberts B. S., . (2025). Business law and the regulation of business. Boston, MA: Cengage.

MLA

Mann Richard A, Roberts Barry S, . Business law and the regulation of business. Boston, MA: Cengage. 2025.

  • Place hold
  • Print
  • Cite
  • Add to your cart (remove)
  • Save record
    BIBTEX Dublin Core MARCXML MARC (non-Unicode/MARC-8) MARC (Unicode/UTF-8) MARC (Unicode/UTF-8, Standard) MODS (XML) RIS
  • More searches
    Search for this title in:
    Other Libraries (WorldCat) Other Databases (Google Scholar) Online Stores (Bookfinder.com) Open Library (openlibrary.org)

Exporting to Dublin Core...

SOUTHVILLE LIBRARY

Southville International School and Colleges Library

1281 Tropical Ave. Cor. Luxembourg St., BF Homes International, Las Pinas City

Tel. No. 8256374 / 252358 Loc. 117/146

Powered by Koha